La función reguladora del Estado en el nuevo modelo de desarrollo
Bewaard in:
| Hoofdauteur: | |
|---|---|
| Formaat: | Texto |
| Gepubliceerd in: |
San José :
|
| Onderwerpen: | |
| Tags: |
Voeg label toe
Geen labels, Wees de eerste die dit record labelt!
|
MARC
| LEADER | 00000 a a2200000 04500 | ||
|---|---|---|---|
| 001 | 18827 | ||
| 003 | |||
| 040 | |||
| 090 | |a 144522 | ||
| 100 | |a Odio Rohrmoser, Edgar | ||
| 245 | |a La función reguladora del Estado en el nuevo modelo de desarrollo | ||
| 260 | |a San José : | ||
| 300 | |a 19 p. | ||
| 650 | |a ESTADO | ||
| 650 | |a INTERVENCION DEL ESTADO | ||
| 650 | |a NUEVO ORDEN ECONOMICO INTERNACIONAL | ||
| 650 | |a LIBERALIZACION ECONOMICA | ||
| 999 | |c 12389 |d 12389 | ||
